Statistiques concernant Joueurs champion de France avec le LOSC en 2021

Cliquez ici pour prendre le quiz!

Statistiques générales

  • Ce quiz a été pris 131 fois
  • Le résultat moyen est 15 sur 25

Statistiques - réponses

PosteRéponse% Correct
GardienMaignan
96%
AttaquantDavid
94%
MillieuAndré
88%
AttaquantBamba
88%
EntraineurGaltier
87%
AttaquantYilmaz
86%
AttaquantIkoné
85%
DefenseurFonte
84%
GardienChevalier
78%
MillieuYazici
74%
DéfenseurBotman
68%
DéfenseurCelik
66%
MillieuSanches
62%
DéfenseurDjalo
60%
DéfenseurReinildo
55%
MillieuXeka
49%
MillieuSoumaré
46%
AttaquantAraujo
38%
DéfenseurBradaric
35%
DéfenseurPied
32%
AttaquantWeah
28%
GardienKarnézis
22%
DéfenseurSoumaoro
15%
AttaquantLihadji
13%
MillieuPizzuto
10%

Distribution des résultats

Percentile par nombre de réponses

% des personnes avec chaque résultat

Votre développement - résultats

Vous n’avez pas pris ce quiz